| 000 | 00381pab a2200145 454500 | ||
|---|---|---|---|
| 008 | 180718b2002 xxu||||| |||| 00| 0 eng d | ||
| 100 | _aEvans, Ted | ||
| 245 | _aShould the treasury be abolished? A response | ||
| 260 | _c2002 | ||
| 300 | _ap.65-66. | ||
| 362 | _aDec | ||
| 650 | _aGovernment securities | ||
| 773 | _aAustralian Journal of Public Administration | ||
| 909 | _a54847 | ||
| 999 |
_c54847 _d54847 |
||